[Event "Col Ch "]
[Site "Ibague "]
[Date "2013.07.02"]
[Round "2.20"]
[White "Lopez Idarraga, Daniel Eduardo"]
[Black "Contreras, Henry"]
[Result "1-0"]
[WhiteElo "2053"]
[BlackElo "2230"]
[PlyCount "65"]
[EventDate "2013.07.01"]
[EventType "swiss"]
[EventRounds "11"]
[EventCountry "COL"]
[SourceDate "2005.09.12"]

1. Nf3 Nf6 2. b3 g6 3. Bb2 Bg7 4. c4 d6 5. e3 O-O 6. d4 c5 7. Be2 Na6 8. O-O
cxd4 9. exd4 d5 10. Nc3 dxc4 11. bxc4 b6 12. Re1 Bb7 13. Qa4 e6 14. Rad1 Qd7
15. Nb5 Rfd8 16. Ne5 Qe8 17. Qb3 Bf8 18. Bf3 Bxf3 19. Qxf3 Nd7 20. Nc6 Rdc8 21.
d5 Nac5 22. Qc3 e5 23. Nxe5 Bg7 24. Qg3 Na4 25. Nd6 Nxb2 26. Nxe8 Bxe5 27. Rxe5
Nxd1 28. Nd6 Nxe5 29. Nxc8 Rxc8 30. Qxe5 Rxc4 31. d6 Rc1 32. Qe1 Rc8 33. d7 1-0

[Event "Col Ch "]
[Site "Ibague "]
[Date "2013.07.02"]
[Round "2.21"]
[White "Valle, Efrain"]
[Black "Rico, Oswaldo"]
[Result "1-0"]
[WhiteElo "2229"]
[BlackElo "2022"]
[PlyCount "71"]
[EventDate "2013.07.01"]
[EventType "swiss"]
[EventRounds "11"]
[EventCountry "COL"]
[SourceDate "2005.09.12"]

1. Nf3 e6 2. g3 d5 3. Bg2 Nf6 4. O-O c5 5. d3 Be7 6. Nbd2 Nc6 7. c4 O-O 8. a3
Rb8 9. Qc2 Re8 10. cxd5 exd5 11. Nb3 b6 12. e4 Ba6 13. e5 Nd7 14. Re1 Nf8 15.
d4 Ne6 16. Be3 Bc4 17. Rad1 Bxb3 18. Qxb3 Na5 19. Qa2 Nc4 20. Bc1 Nc7 21. Bf1
Na5 22. Bd3 c4 23. Bc2 b5 24. Qb1 h6 25. Bh7+ Kh8 26. e6 Nxe6 27. Rxe6 fxe6 28.
Ne5 Rf8 29. Ng6+ Kxh7 30. Nxf8+ Kg8 31. Nxe6 Qd7 32. Qg6 Bf6 33. Nf4 Nc6 34.
Nh5 Rf8 35. Bxh6 Ne7 36. Nxf6+ 1-0

[Event "Col Ch "]
[Site "Ibague "]
[Date "2013.07.02"]
[Round "2.22"]
[White "Dominguez, Ramiro"]
[Black "Arias, Juan Diego"]
[Result "1-0"]
[WhiteElo "2225"]
[BlackElo "2016"]
[PlyCount "79"]
[EventDate "2013.07.01"]
[EventType "swiss"]
[EventRounds "11"]
[EventCountry "COL"]
[SourceDate "2005.09.12"]

1. e4 e6 2. d4 d5 3. Nd2 Nf6 4. e5 Nfd7 5. Bd3 c5 6. c3 Nc6 7. Ne2 Be7 8. O-O
O-O 9. Nf3 f5 10. Nf4 Nb6 11. dxc5 Bxc5 12. b4 Be7 13. b5 Na5 14. Nd4 Qc7 15.
Nfxe6 Bxe6 16. Nxe6 Qxc3 17. Bd2 Qxd3 18. Bxa5 Qxb5 19. Bxb6 Qxb6 20. Qxd5 Kh8
21. Nxf8 Bxf8 22. Rab1 Qc6 23. Qf7 b6 24. Qxf5 Bc5 25. Rbd1 Rf8 26. Qg4 Qe8 27.
Rde1 Qb5 28. e6 Be7 29. Re3 Qb2 30. Re2 Qb5 31. g3 Qd5 32. Qe4 Qh5 33. Rd1 Qc5
34. Rd5 Qa3 35. Rh5 h6 36. Kg2 a6 37. Rf5 Rd8 38. Rf7 Rd1 39. Qg6 Bf6 40. e7
1-0

[Event "Col Ch "]
[Site "Ibague "]
[Date "2013.07.02"]
[Round "2.23"]
[White "Munoz, Jhon Edison"]
[Black "Tirado, Juan Camilo"]
[Result "1-0"]
[WhiteElo "2214"]
[BlackElo "2001"]
[PlyCount "39"]
[EventDate "2013.07.01"]
[EventType "swiss"]
[EventRounds "11"]
[EventCountry "COL"]
[SourceDate "2005.09.12"]

1. d4 Nf6 2. c4 e6 3. Nc3 d5 4. Bg5 Nbd7 5. e3 Be7 6. Qc2 O-O 7. cxd5 exd5 8.
Bd3 c5 9. Nge2 h6 10. Bh4 c4 11. Bf5 Qa5 12. O-O Rd8 13. Qd1 b5 14. a3 Nb6 15.
Bc2 b4 16. axb4 Qxb4 17. Bg3 Bd7 18. f3 Qxb2 19. Qd2 Bf5 20. Ra2 1-0

[Event "Col Ch "]
[Site "Ibague "]
[Date "2013.07.02"]
[Round "2.24"]
[White "Guerrero Forero, Ricardo Alon"]
[Black "Zapata Arbelaez, Estiven"]
[Result "0-1"]
[WhiteElo "2208"]
[BlackElo "2001"]
[PlyCount "68"]
[EventDate "2013.07.01"]
[EventType "swiss"]
[EventRounds "11"]
[EventCountry "COL"]
[SourceDate "2005.09.12"]

1. e4 e5 2. Nf3 Nc6 3. Bc4 Bc5 4. b4 Bxb4 5. c3 Ba5 6. d4 exd4 7. Qb3 Qe7 8.
O-O d6 9. e5 dxe5 10. Bd5 Bb6 11. Ba3 Qf6 12. Nbd2 Nge7 13. Ne4 Qg6 14. Neg5
Nxd5 15. Qxd5 Be6 16. Nxe6 fxe6 17. Qb5 O-O-O 18. c4 a6 19. Qb3 e4 20. Ne1 Qh5
21. c5 Bxc5 22. Qxe6+ Kb8 23. Bxc5 Qxc5 24. Qxe4 Qd5 25. Qh4 Ne5 26. Rd1 c5 27.
Qg3 Ka8 28. Qxg7 h5 29. f4 Ng4 30. Rf3 Qxa2 31. Qe7 Qd5 32. h3 Nh6 33. Qg5 Nf5
34. Ra3 Qe6 0-1

[Event "Col Ch "]
[Site "Ibague "]
[Date "2013.07.02"]
[Round "2.25"]
[White "Gutierrez, Ramon"]
[Black "Cardozo, Carlos Eduardo"]
[Result "1-0"]
[WhiteElo "2207"]
[BlackElo "1990"]
[PlyCount "95"]
[EventDate "2013.07.01"]
[EventType "swiss"]
[EventRounds "11"]
[EventCountry "COL"]
[SourceDate "2005.09.12"]

1. e4 e6 2. d4 d5 3. Nc3 Bb4 4. e5 c5 5. a3 Bxc3+ 6. bxc3 Qc7 7. Nf3 Ne7 8. Bd3
Nbc6 9. O-O Bd7 10. a4 Qa5 11. Qe1 cxd4 12. cxd4 Qxe1 13. Rxe1 O-O 14. Ba3 Rfc8
15. a5 Nf5 16. Bc5 Nxa5 17. Rxa5 b6 18. Bxb6 axb6 19. Rxa8 Rxa8 20. Rb1 b5 21.
Kf1 g6 22. Ke2 Ra4 23. c3 Ra3 24. Kd2 Ra2+ 25. Bc2 Ne7 26. Ne1 Nc8 27. Kc1 Nb6
28. Rb2 Ra8 29. Nd3 Nc4 30. Rb3 Ra2 31. Nb4 Ra8 32. Bd3 Kg7 33. Bxc4 bxc4 34.
Rb2 Ra3 35. Kd2 Ra1 36. Ra2 Rg1 37. Ke3 Rxg2 38. Ra7 Be8 39. Na6 Rxh2 40. Nc7
Bd7 41. Nxd5 Rh3+ 42. f3 Bc6 43. Nc7 Rxf3+ 44. Ke2 Kh6 45. d5 Bxd5 46. Nxd5 Rf5
47. Ne3 Rxe5 48. Rxf7 1-0

[Event "Col Ch "]
[Site "Ibague "]
[Date "2013.07.02"]
[Round "2.26"]
[White "Andrade Truyol, Geiner Jose"]
[Black "Rojas Barrero, Andres H"]
[Result "1/2-1/2"]
[WhiteElo "2045"]
[BlackElo "2201"]
[PlyCount "52"]
[EventDate "2013.07.01"]
[EventType "swiss"]
[EventRounds "11"]
[EventCountry "COL"]
[SourceDate "2005.09.12"]

1. e4 e5 2. Nf3 Nc6 3. Bb5 a6 4. Ba4 Nf6 5. O-O Nxe4 6. d4 b5 7. Bb3 d5 8. dxe5
Be6 9. Qe2 Be7 10. Rd1 O-O 11. c4 bxc4 12. Bxc4 Bc5 13. Be3 Bxe3 14. Qxe3 Qb8
15. Bb3 Na5 16. Nbd2 Nxd2 17. Nxd2 Qb6 18. Qxb6 cxb6 19. Nf3 Nxb3 20. axb3 Rfc8
21. Rdc1 a5 22. Nd4 Kf8 23. Kf1 Ke7 24. Ke2 Kd7 25. Kd2 Rc5 26. Rc3 Rac8
1/2-1/2

[Event "Col Ch "]
[Site "Ibague "]
[Date "2013.07.02"]
[Round "2.28"]
[White "Barros, Raul Junior"]
[Black "Acosta Cubides, Jorian Jared"]
[Result "1-0"]
[WhiteElo "2180"]
[BlackElo "1971"]
[PlyCount "80"]
[EventDate "2013.07.01"]
[EventType "swiss"]
[EventRounds "11"]
[EventCountry "COL"]
[SourceDate "2005.09.12"]

1. e4 c5 2. Nc3 d6 3. g3 Nf6 4. Bg2 Nc6 5. d3 g6 6. Nge2 Bg7 7. O-O O-O 8. h3
a6 9. Be3 Qc7 10. g4 b5 11. e5 dxe5 12. g5 Nd7 13. Nd5 Qd8 14. Nxe7+ Qxe7 15.
Bxc6 Rb8 16. Nc3 Nb6 17. Bg2 Bf5 18. Ne4 Nd7 19. Qe2 Bxe4 20. Bxe4 f5 21. gxf6
Nxf6 22. Bg5 Qe6 23. Bg2 Qf5 24. Be3 e4 25. Rad1 exd3 26. Qxd3 Qxd3 27. Rxd3 c4
28. Ra3 Nh5 29. Rxa6 Bxb2 30. Rb1 Bc3 31. Bc6 b4 32. Bd5+ Kh8 33. Bxc4 Nf6 34.
Ra7 Ne4 35. Rd1 Rbd8 36. Rdd7 Rxd7 37. Rxd7 Rc8 38. Be6 Nc5 39. Rxh7+ Kxh7 40.
Bxc8 Ne4 1-0

[Event "Col Ch "]
[Site "Ibague "]
[Date "2013.07.02"]
[Round "2.30"]
[White "Martinez, Mauricio"]
[Black "Almanza, Rafael Andres"]
[Result "0-1"]
[WhiteElo "2010"]
[BlackElo "2186"]
[PlyCount "102"]
[EventDate "2013.07.01"]
[EventType "swiss"]
[EventRounds "11"]
[EventCountry "COL"]
[SourceDate "2005.09.12"]

1. e4 c5 2. Nf3 e6 3. d4 cxd4 4. Nxd4 Nc6 5. Nb5 d6 6. Bf4 e5 7. Be3 a6 8. N5c3
Nf6 9. Be2 Be7 10. Nd2 Be6 11. a3 b5 12. Rc1 O-O 13. O-O Rc8 14. Bf3 Na5 15.
Be2 Nc6 16. h3 h6 17. Bf3 Na5 18. Be2 Nc6 19. Bf3 Na5 20. Be2 d5 21. Nxd5 Nxd5
22. exd5 Bxd5 23. Bd3 f5 24. f3 Rf6 25. Qe1 Nc4 26. Bxc4 bxc4 27. Nb1 Rg6 28.
Rd1 Rd6 29. Nc3 Bb7 30. Qe2 Qe8 31. Rxd6 Bxd6 32. Rd1 Qe6 33. Bf2 e4 34. Bd4
Re8 35. fxe4 fxe4 36. Qg4 Qxg4 37. hxg4 Bg3 38. Bf2 Be5 39. Bd4 Bg3 40. Bf2 Be5
41. Bd4 Bf4 42. Re1 Kh7 43. Ne2 Bd2 44. Rf1 Re7 45. Kh2 e3 46. Rf5 Be4 47. Re5
Rxe5 48. Bxe5 Bxc2 49. Kg3 Be4 50. Bd4 g5 51. Bc5 Kg6 0-1

[Event "Col Ch "]
[Site "Ibague "]
[Date "2013.07.02"]
[Round "2.31"]
[White "Blandon, Luis Guillermo"]
[Black "Arango, Andres Mauricio"]
[Result "1-0"]
[WhiteElo "1993"]
[BlackElo "2142"]
[PlyCount "95"]
[EventDate "2013.07.01"]
[EventType "swiss"]
[EventRounds "11"]
[EventCountry "COL"]
[SourceDate "2005.09.12"]

1. e4 c5 2. Nf3 e6 3. d4 cxd4 4. Nxd4 Nf6 5. Nc3 Nc6 6. Nxc6 bxc6 7. e5 Nd5 8.
Ne4 Qc7 9. f4 Qb6 10. c4 Bb4+ 11. Ke2 Ba6 12. Kf3 f5 13. Nf2 Ne7 14. Be3 Bc5
15. Bxc5 Qxc5 16. b3 g5 17. Qd6 g4+ 18. Ke2 Qxd6 19. exd6 Ng6 20. Nd3 O-O 21.
Kd2 Rae8 22. Re1 Kg7 23. g3 Kf6 24. Ne5 Nxe5 25. Rxe5 Bb7 26. Bg2 Ra8 27. b4 h5
28. b5 Rab8 29. Rb1 Rfc8 30. bxc6 Bxc6 31. Rxb8 Rxb8 32. Bxc6 dxc6 33. Kc3 Rd8
34. c5 h4 35. Re3 hxg3 36. hxg3 Rb8 37. Kc4 Rb2 38. Rd3 Rb8 39. Ra3 e5 40.
fxe5+ Kxe5 41. Rxa7 Ke4 42. Rc7 f4 43. gxf4 g3 44. Rg7 Kf3 45. Kd4 g2 46. Ke5
Rb5 47. d7 Rxc5+ 48. Kd6 1-0

[Event "Col Ch "]
[Site "Ibague "]
[Date "2013.07.02"]
[Round "2.32"]
[White "Otero, Daniel"]
[Black "Valencia, Dario"]
[Result "1-0"]
[WhiteElo "2135"]
[BlackElo "1958"]
[PlyCount "81"]
[EventDate "2013.07.01"]
[EventType "swiss"]
[EventRounds "11"]
[EventCountry "COL"]
[SourceDate "2005.09.12"]

1. e4 c5 2. Nf3 d6 3. d4 cxd4 4. c3 d3 5. Bxd3 e6 6. O-O Be7 7. Qe2 Nf6 8. Rd1
O-O 9. e5 Nd5 10. c4 Nb4 11. exd6 Bf6 12. Be4 Nd7 13. Na3 Nc5 14. Nc2 Nba6 15.
Rb1 Nxe4 16. Qxe4 Nc5 17. Qe3 Na6 18. b3 Bd7 19. Ng5 Rc8 20. Ne4 b6 21. Nxf6+
Qxf6 22. Bb2 Qg6 23. Nd4 Rfd8 24. Rbc1 Bc6 25. Nxc6 Rxc6 26. Qf3 Nb8 27. Ba3
Rd7 28. Rd3 h6 29. Rcd1 Qg5 30. Qe4 Qd8 31. h4 Rc8 32. Bb2 Qf8 33. Rg3 f6 34.
Qxe6+ Qf7 35. Qxf6 Qxf6 36. Bxf6 Nc6 37. Bc3 Kh7 38. b4 Rf8 39. h5 Rf4 40. b5
Ne7 41. Rxg7+ 1-0

[Event "Col Ch "]
[Site "Ibague "]
[Date "2013.07.02"]
[Round "2.33"]
[White "Guzman, River"]
[Black "Rengifo, Jose Ignacio"]
[Result "0-1"]
[WhiteElo "1972"]
[BlackElo "2133"]
[PlyCount "110"]
[EventDate "2013.07.01"]
[EventType "swiss"]
[EventRounds "11"]
[EventCountry "COL"]
[SourceDate "2005.09.12"]

1. e4 Nf6 2. e5 Nd5 3. Bc4 e6 4. Nf3 Nb6 5. Bb3 a5 6. a4 d6 7. O-O c5 8. Qe2
Nc6 9. c3 dxe5 10. Nxe5 Qc7 11. Nf3 Be7 12. Na3 Bd7 13. Nb5 Qd8 14. d4 O-O 15.
Bf4 Na7 16. dxc5 Bxc5 17. Rfd1 Nxb5 18. axb5 Qe7 19. Qd3 Rfc8 20. Bd6 Qe8 21.
c4 Qd8 22. Bxc5 Rxc5 23. Qd6 Qc7 24. Qxc7 Rxc7 25. Rd6 Nc8 26. Rd4 Kf8 27. Rad1
Ke7 28. Ne5 Be8 29. f4 f6 30. Nf3 Nb6 31. Re1 Nd7 32. Bc2 Nf8 33. Bf5 g6 34.
Bh3 a4 35. g3 Rac8 36. Bf1 Nd7 37. Rde4 Nc5 38. R4e3 Rd8 39. Kf2 Rd6 40. Kg2
Bd7 41. g4 Kf7 42. g5 Bc8 43. gxf6 Kxf6 44. Kg3 b6 45. Bh3 Bb7 46. Ne5 Rd2 47.
R1e2 Rxe2 48. Rxe2 Ne4+ 49. Kh4 g5+ 50. Kh5 gxf4 51. Ng4+ Kg7 52. Rc2 Nf6+ 53.
Nxf6 Kxf6 54. Bf1 Bf3+ 55. Kh4 Rc5 0-1

[Event "Col Ch "]
[Site "Ibague "]
[Date "2013.07.02"]
[Round "2.34"]
[White "Hernandez, Oscar Eduardo"]
[Black "Buitrago, Juan Carlos"]
[Result "1/2-1/2"]
[WhiteElo "1970"]
[BlackElo "2124"]
[PlyCount "85"]
[EventDate "2013.07.01"]
[EventType "swiss"]
[EventRounds "11"]
[EventCountry "COL"]
[SourceDate "2005.09.12"]

1. e4 e5 2. Nf3 Nc6 3. Bb5 a6 4. Ba4 Nf6 5. Qe2 b5 6. Bb3 Be7 7. c3 O-O 8. O-O
d6 9. Rd1 Na5 10. Bc2 c5 11. d4 Qc7 12. dxe5 dxe5 13. Bg5 Be6 14. Nbd2 Rfd8 15.
b3 Rd7 16. Nf1 Rad8 17. Ne3 c4 18. b4 Nc6 19. Rxd7 Rxd7 20. Rd1 Kf8 21. Nh4 Qd8
22. Rxd7 Qxd7 23. Nhf5 Bd8 24. Qd1 Qxd1+ 25. Nxd1 Bb6 26. Be3 Bxe3 27. Ndxe3 g6
28. Ng3 Ke7 29. Kf1 Kd6 30. Ne2 Ng4 31. Nxg4 Bxg4 32. f3 Be6 33. g4 f6 34. Kf2
Bf7 35. h4 Nd8 36. Kg3 Ne6 37. Bb1 Be8 38. Bc2 Bc6 39. Bb1 Bb7 40. Bc2 Bc6 41.
Bb1 Bb7 42. Bc2 Bc6 43. Bb1 1/2-1/2

[Event "Col Ch "]
[Site "Ibague "]
[Date "2013.07.02"]
[Round "2.35"]
[White "Castaneda, Jhon David"]
[Black "Restrepo, Jose Daniel"]
[Result "1-0"]
[WhiteElo "2123"]
[BlackElo "1944"]
[PlyCount "93"]
[EventDate "2013.07.01"]
[EventType "swiss"]
[EventRounds "11"]
[EventCountry "COL"]
[SourceDate "2005.09.12"]

1. d4 Nf6 2. c4 e6 3. g3 Bb4+ 4. Bd2 Qe7 5. Bg2 O-O 6. Nf3 Bxd2+ 7. Nfxd2 Nc6
8. d5 exd5 9. cxd5 Nb4 10. Qb3 Na6 11. Nc3 Nc5 12. Qc2 d6 13. O-O a6 14. b4
Ncd7 15. Nb3 b6 16. Nd1 Ne8 17. Ne3 g6 18. Rac1 f5 19. Qd2 Ndf6 20. Nd4 Bd7 21.
Nc6 Bxc6 22. Rxc6 Ne4 23. Qd4 Qf6 24. Nc2 Ng5 25. f4 Qxd4+ 26. Nxd4 Nf7 27. Rc2
Nd8 28. Rfc1 Ra7 29. e4 fxe4 30. Bxe4 Nf6 31. Bf3 Ne8 32. Bg4 Nf6 33. Bf3 Rf7
34. a4 Re7 35. Rc3 Kf7 36. g4 Kg7 37. g5 Ne8 38. Kf2 Rf7 39. Kg3 Re7 40. h4 Rf7
41. h5 a5 42. b5 Re7 43. Bg2 Rf7 44. h6+ Kf8 45. Bh3 Kg8 46. Re3 Kf8 47. Rce1
1-0

[Event "Col Ch "]
[Site "Ibague "]
[Date "2013.07.02"]
[Round "2.36"]
[White "Otalora, Carlos Eduardo"]
[Black "Latorre, Franklin Leandro"]
[Result "1-0"]
[WhiteElo "2114"]
[BlackElo "1927"]
[PlyCount "62"]
[EventDate "2013.07.01"]
[EventType "swiss"]
[EventRounds "11"]
[EventCountry "COL"]
[SourceDate "2005.09.12"]

1. d4 Nf6 2. c4 g6 3. Nc3 d5 4. Nf3 Bg7 5. Qb3 dxc4 6. Qxc4 O-O 7. Bf4 c6 8. e4
e6 9. Rd1 Qa5 10. b4 Qd8 11. Be2 Nbd7 12. O-O Nb6 13. Qb3 Bd7 14. a4 h6 15. a5
Nc8 16. Ne5 Kh7 17. Nc4 Qe7 18. Rfe1 Rd8 19. h3 Bf8 20. Rb1 Be8 21. Be5 Nd7 22.
Bc7 a6 23. d5 Na7 24. Bxd8 Rxd8 25. dxe6 Qxe6 26. Bg4 Qe7 27. e5 Bg7 28. f4 Nf8
29. Nd6 Ne6 30. Bxe6 Qxe6 31. Qxe6 fxe6 1-0

[Event "Col Ch "]
[Site "Ibague "]
[Date "2013.07.02"]
[Round "2.37"]
[White "Corredor Rengifo, Luis Fernand"]
[Black "Hernandez, Cristian Andres"]
[Result "0-1"]
[WhiteElo "1952"]
[BlackElo "2113"]
[PlyCount "64"]
[EventDate "2013.07.01"]
[EventType "swiss"]
[EventRounds "11"]
[EventCountry "COL"]
[SourceDate "2005.09.12"]

1. d4 d5 2. c4 c6 3. Nf3 Nf6 4. Nc3 a6 5. a4 e6 6. e3 c5 7. Bd3 Nc6 8. O-O cxd4
9. exd4 Nb4 10. cxd5 Nxd3 11. dxe6 Nxc1 12. exf7+ Kxf7 13. Rxc1 Qb6 14. Qd3 g6
15. Ng5+ Kg7 16. Qc4 Bd6 17. Qf7+ Kh6 18. Nd5 Nxd5 19. Qxd5 Rf8 20. a5 Qd8 21.
Nf7+ Rxf7 22. Qxf7 Qxa5 23. Qe8 Qh5 24. f4 Qf5 25. Rf3 Kg7 26. Re1 Rb8 27. Qe3
Bd7 28. Qb3 Bc6 29. Rf2 Rf8 30. h3 Qd5 31. Qe3 Re8 32. Qd2 Bxf4 0-1

[Event "Col Ch "]
[Site "Ibague "]
[Date "2013.07.02"]
[Round "2.38"]
[White "Cespedes, Cesar Ivan"]
[Black "Arismendi Polanco, Efrain Stev"]
[Result "1-0"]
[WhiteElo "2111"]
[BlackElo "1805"]
[PlyCount "51"]
[EventDate "2013.07.01"]
[EventType "swiss"]
[EventRounds "11"]
[EventCountry "COL"]
[SourceDate "2005.09.12"]

1. e4 c5 2. Nf3 d6 3. d4 cxd4 4. Nxd4 Nf6 5. f3 e5 6. Nb5 a6 7. N5c3 Be6 8. Be3
Be7 9. Nd2 b5 10. a3 O-O 11. Bd3 d5 12. exd5 Nxd5 13. Nxd5 Bxd5 14. O-O Nd7 15.
c4 Bc6 16. Qc2 h6 17. cxb5 Bxb5 18. Bxb5 axb5 19. Ne4 b4 20. axb4 Bxb4 21. Rxa8
Qxa8 22. Rd1 Rd8 23. Qb3 Qa5 24. Qd5 Qa4 25. b3 Qa2 26. Bb6 1-0

[Event "Col Ch "]
[Site "Ibague "]
[Date "2013.07.02"]
[Round "2.39"]
[White "Diaz Arboleda, Daniel"]
[Black "Cuevas Sanchez, Bramdon Daniel"]
[Result "1-0"]
[WhiteElo "2110"]
[BlackElo "1769"]
[PlyCount "47"]
[EventDate "2013.07.01"]
[EventType "swiss"]
[EventRounds "11"]
[EventCountry "COL"]
[SourceDate "2005.09.12"]

1. d4 d5 2. c4 e6 3. Nc3 Nf6 4. cxd5 exd5 5. Bg5 Be7 6. e3 O-O 7. Bd3 c6 8.
Nge2 Ne4 9. Bf4 Nxc3 10. bxc3 Nd7 11. Qc2 Nf6 12. O-O Bg4 13. f3 Bh5 14. e4
dxe4 15. fxe4 Re8 16. h3 Bg6 17. g4 h6 18. Ng3 c5 19. e5 Bxd3 20. Qxd3 Nd5 21.
Bxh6 gxh6 22. Rxf7 Kxf7 23. Qh7+ Kf8 24. e6 1-0

[Event "Col Ch "]
[Site "Ibague "]
[Date "2013.07.02"]
[Round "2.40"]
[White "Lozano, Nestor Favian"]
[Black "Rosero, Hugo Alberto"]
[Result "1-0"]
[WhiteElo "2110"]
[BlackElo "1664"]
[PlyCount "51"]
[EventDate "2013.07.01"]
[EventType "swiss"]
[EventRounds "11"]
[EventCountry "COL"]
[SourceDate "2005.09.12"]

1. g3 c5 2. Bg2 Nc6 3. Nf3 Nf6 4. c4 d6 5. Nc3 a6 6. O-O e6 7. b3 Be7 8. Bb2
Bd7 9. e3 Qc7 10. Rc1 O-O 11. d4 cxd4 12. Nxd4 Qa5 13. Qe2 Rfe8 14. Rfd1 Rac8
15. Nc2 Qh5 16. Qxh5 Nxh5 17. Ne4 Rc7 18. Nxd6 Rf8 19. Rd2 f5 20. Rcd1 Bxd6 21.
Rxd6 Rf7 22. Nd4 Nf6 23. Nxe6 Bxe6 24. Rxe6 Ng4 25. Re8+ Rf8 26. Bd5+ 1-0

[Event "Col Ch "]
[Site "Ibague "]
[Date "2013.07.02"]
[Round "2.41"]
[White "Valdeblanquez, Jeiner Jair"]
[Black "Suarez, Luis Humberto"]
[Result "1-0"]
[WhiteElo "1765"]
[BlackElo "2110"]
[PlyCount "91"]
[EventDate "2013.07.01"]
[EventType "swiss"]
[EventRounds "11"]
[EventCountry "COL"]
[SourceDate "2005.09.12"]

1. d4 Nf6 2. Nc3 d5 3. Bg5 Nbd7 4. f3 h6 5. Bxf6 Nxf6 6. e4 e6 7. Bd3 a6 8. e5
Nd7 9. Nce2 c5 10. c3 cxd4 11. cxd4 Qb6 12. Qb3 Bb4+ 13. Kf1 Qa5 14. a3 Be7 15.
Rc1 O-O 16. Bb1 Rd8 17. Qc2 Nf8 18. Qc7 Qxc7 19. Rxc7 Re8 20. f4 Bd8 21. Rc1 b5
22. Bd3 Bb7 23. Nf3 g6 24. g4 Bb6 25. Ng3 Rec8 26. Ke2 Bc6 27. h4 Bd7 28. h5
Rxc1 29. Rxc1 Rc8 30. Rh1 Kg7 31. hxg6 fxg6 32. f5 exf5 33. gxf5 gxf5 34. Bxf5
Ne6 35. Nh5+ Kf7 36. Rg1 Nf4+ 37. Nxf4 Bxf5 38. e6+ Kf6 39. Nxd5+ Kxe6 40. Nxb6
Rc2+ 41. Ke3 Rxb2 42. d5+ Kd6 43. Nd4 Bb1 44. Rc1 Ke5 45. Rc6 Bf5 46. Nf3# 1-0

[Event "Col Ch "]
[Site "Ibague "]
[Date "2013.07.02"]
[Round "2.42"]
[White "Posada, Juan Manuel"]
[Black "Sanchez Lopez, Luis Antonio"]
[Result "1-0"]
[WhiteElo "2101"]
[BlackElo "1642"]
[PlyCount "53"]
[EventDate "2013.07.01"]
[EventType "swiss"]
[EventRounds "11"]
[EventCountry "COL"]
[SourceDate "2005.09.12"]

1. e4 c5 2. Nf3 Nc6 3. d4 cxd4 4. Nxd4 d6 5. Nc3 Nf6 6. Nb3 a6 7. a4 e6 8. Bd3
Be7 9. O-O Qc7 10. f4 O-O 11. Be3 Bd7 12. a5 Bd8 13. g4 e5 14. f5 h6 15. h4 Nh7
16. Nd5 Qc8 17. Qe1 Ne7 18. Nb6 Bxb6 19. axb6 Qd8 20. g5 hxg5 21. hxg5 Nxf5 22.
exf5 Nxg5 23. Qg3 Nh7 24. Rf2 Qf6 25. Nd2 Rae8 26. Ne4 Qd8 27. Rg2 1-0

[Event "Col Ch "]
[Site "Ibague "]
[Date "2013.07.02"]
[Round "2.43"]
[White "Sosa Florez, Juan Sebastian"]
[Black "Valdes, Nicolas"]
[Result "1-0"]
[WhiteElo "1671"]
[BlackElo "2095"]
[PlyCount "53"]
[EventDate "2013.07.01"]
[EventType "swiss"]
[EventRounds "11"]
[EventCountry "COL"]
[SourceDate "2005.09.12"]

1. d4 Nf6 2. c4 e6 3. Nc3 d5 4. Nf3 b6 5. Bf4 Bb7 6. e3 a6 7. Be2 Nbd7 8. O-O
Bd6 9. Bg5 h6 10. Bh4 g5 11. Bg3 Bxg3 12. fxg3 Qe7 13. Rc1 Qb4 14. b3 Qd6 15.
Nd2 c5 16. Bf3 h5 17. cxd5 exd5 18. dxc5 bxc5 19. Nc4 Qe6 20. Na5 g4 21. Nxb7
gxf3 22. Qxf3 O-O 23. Nxc5 Nxc5 24. Qxf6 Qxe3+ 25. Kh1 Ne4 26. Nxd5 Nxf6 27.
Nxe3 1-0

[Event "Col Ch "]
[Site "Ibague "]
[Date "2013.07.02"]
[Round "2.44"]
[White "Arango Arenas, Juan Camilo"]
[Black "Cespedes, Jaime"]
[Result "1/2-1/2"]
[WhiteElo "1600"]
[BlackElo "2138"]
[PlyCount "85"]
[EventDate "2013.07.01"]
[EventType "swiss"]
[EventRounds "11"]
[EventCountry "COL"]
[SourceDate "2005.09.12"]

1. e4 e6 2. d4 d5 3. Nc3 Bb4 4. e5 Bf8 5. f4 c5 6. Nf3 Nc6 7. Be3 Qb6 8. Nb5 c4
9. a4 a6 10. Nd6+ Bxd6 11. exd6 Qxb2 12. Rb1 Qa3 13. c3 Qxc3+ 14. Bd2 Qa3 15.
d7+ Bxd7 16. Rxb7 Nf6 17. Ne5 Nxd4 18. Qb1 Nb3 19. Bb4 Qxa4 20. Bd6 Ne4 21.
Nxc4 dxc4 22. Qxe4 Qa5+ 23. Bb4 Qd5 24. Qxd5 exd5 25. Kf2 O-O-O 26. Ra7 a5 27.
Bxa5 Nxa5 28. Rxa5 Bc6 29. Be2 Kc7 30. Ra7+ Bb7 31. Rb1 Rb8 32. Bf3 Rhd8 33.
Ke3 Rd6 34. Kd4 Rb6 35. Re1 Kd6 36. Re5 Rb2 37. Bxd5 Rd2+ 38. Kxc4 Bxd5+ 39.
Rxd5+ Rxd5 40. Ra6+ Ke7 41. Kxd5 Rb2 42. Ke4 Rxg2 43. Ra7+ 1/2-1/2

[Event "Col Ch "]
[Site "Ibague "]
[Date "2013.07.02"]
[Round "2.46"]
[White "Diaz, Jaime Walter"]
[Black "Marin, Alejandro"]
[Result "1-0"]
[WhiteElo "2175"]
[BlackElo "1923"]
[PlyCount "129"]
[EventDate "2013.07.01"]
[EventType "swiss"]
[EventRounds "11"]
[EventCountry "COL"]
[SourceDate "2005.09.12"]

1. c4 c6 2. d4 d5 3. Nc3 Nf6 4. Nf3 e6 5. Bf4 dxc4 6. a4 Bb4 7. Ne5 b5 8. f3
Nd5 9. Bd2 Nxc3 10. bxc3 Bd6 11. Ng4 Nd7 12. e4 f5 13. Nf2 e5 14. exf5 exd4 15.
cxd4 Nf6 16. axb5 cxb5 17. Qb1 Qe7+ 18. Be2 a6 19. O-O O-O 20. Re1 Qc7 21. g3
Bb7 22. Ba5 Qc6 23. Ne4 Nxe4 24. fxe4 Rxf5 25. Bg4 Rf6 26. Bh3 Raf8 27. Ra2 Rh6
28. Bg2 Bxg3 29. hxg3 Qd6 30. Re3 Qxd4 31. Qe1 Qe5 32. Rf2 Rxf2 33. Kxf2 Rd6
34. Bc3 Qe6 35. Bb4 Rd3 36. Rxd3 cxd3 37. Ke3 Qb3 38. Qd2 Qb1 39. Kd4 Bc8 40.
Bc3 Bg4 41. Qe1 Qa2 42. Bf1 Qc4+ 43. Ke3 Be2 44. Bxe2 dxe2 45. Qd2 e1=Q+ 46.
Qxe1 h6 47. Qd2 Kh7 48. Qd4 Qc7 49. Qe5 Qb7 50. Qf5+ Kh8 51. e5 Qc7 52. Kd2 a5
53. e6 b4 54. Be5 Qd8+ 55. Ke1 a4 56. Qf7 Qa5 57. Bf4 Qc5 58. e7 Qg1+ 59. Ke2
Qg2+ 60. Ke3 Qg1+ 61. Ke4 Qb1+ 62. Kd4 Qb2+ 63. Kc5 Qf2+ 64. Kxb4 Qe2 65. Ka5
1-0

[Event "Col Ch "]
[Site "Ibague "]
[Date "2013.07.02"]
[Round "2.47"]
[White "Perez Pineda, Elkin Dario"]
[Black "Palacio, Pablo Persi"]
[Result "0-1"]
[WhiteElo "2159"]
[BlackElo "1931"]
[PlyCount "48"]
[EventDate "2013.07.01"]
[EventType "swiss"]
[EventRounds "11"]
[EventCountry "COL"]
[SourceDate "2005.09.12"]

1. e4 c5 2. Nf3 e6 3. c3 d5 4. exd5 Qxd5 5. d4 Nc6 6. Na3 a6 7. Nc2 cxd4 8.
cxd4 Nf6 9. Bd3 Nb4 10. O-O Nxd3 11. Qxd3 Be7 12. Bg5 O-O 13. Ne3 Qd8 14. Rac1
Bd7 15. Rfe1 Bb5 16. Qb3 Re8 17. h3 h6 18. Bh4 Bc6 19. Ne5 Qxd4 20. Nf5 Qd5 21.
Nxe7+ Rxe7 22. Qg3 Nh5 (22... Kh8 23. Rcd1) (22... Kh7 23. Bxf6 gxf6 24. Ng4
Qg5 25. f4 Qg6 26. f5 Qg5 27. Qf2 e5 28. Rcd1 h5 29. Ne3 Rg8 30. Rd6 Rd7 31.
Rxd7 Bxd7 32. Rd1 Bc6 33. Rd6 Rc8 34. h4 Qh6 35. Nf1 Be4 36. Rd7 Rc2 37. Nd2
Bc6 38. Rd8 Qg7 39. Rd3 Qg4 40. Kh2 e4 41. Rg3 Qd1 42. Qd4 Rc1 43. Re3 Kg7 44.
Rg3+ Kh7 45. Re3 Kg7 46. a3 Qh1+ 47. Kg3 Rc2 48. Re2 Qd1 49. Qe3 Bb5 50. Rf2
Qg4+ 51. Kh2 Qxh4+ 52. Kg1 Rc1+ 53. Nf1 Rd1 54. Qb3 Ra1 55. Qe3 Bd3 56. Re2 Qg5
57. Qf2 e3) 23. Qg4 f6 24. Nxc6 bxc6 0-1